000 00492nam a2200169Ia 4500
008 090711s9999 xx 000 0 und d
082 _b498
100 _aगोखले अरविंद
245 _aकथाई
260 _bकॉन्टीनेन्टल प्रकाशन
_c1999
300 _a152
600 _aगोखले अरविंद
630 _aकथाई
700 _aगोखले अरविंद
730 _aकथाई
942 _cBOOK
999 _c335483
_d335483